00322 2200133 4500001002100000005001500021035002000036245005500056100001700111300001200128260002600140082001000166990001200176INLIS00000000000226020250527024743 a0010-05250005521 aFisika Kelas 1 SMU Tengah Semester /cTim Penyusun0 aTim Penyusun a144 hlm bIntan Pariwara,c2003 a025.5 a0712722